Các thuật giải lặp và khai triển tiệm cận liên kết với bài toán Dirichlet cho phương trình sóng phi tuyến có chứa tích chập : Luận văn tốt nghiệp Cao học. Chuyên ngành Toán giải tích

Nghiên cứu sử dụng phương pháp xấp xỉ Faedo - Galerkin cùng với các kỹ thuật đánh giá tiên nghiệm, kỹ thuật về tính compact yếu và hội tụ yếu để khảo sát phương trình sóng phi tuyến.

Uloženo v:
Podrobná bibliografie
Hlavní autor: Phạm, Nguyễn Nhật Khanh
Médium: Kniha
Jazyk:Undetermined
Vydáno: Cần Thơ Trường Đại học Cần Thơ 2018
Témata:
Tagy: Přidat tag
Žádné tagy, Buďte první, kdo otaguje tento záznam!
Thư viện lưu trữ: Trung tâm Học liệu Trường Đại học Cần Thơ
LEADER 01226nam a2200217Ia 4500
001 CTU_228193
008 210402s9999 xx 000 0 und d
082 |a 515.252 
082 |b Kh107 
088 |a 8460106 
100 |a Phạm, Nguyễn Nhật Khanh 
245 0 |a Các thuật giải lặp và khai triển tiệm cận liên kết với bài toán Dirichlet cho phương trình sóng phi tuyến có chứa tích chập : 
245 0 |b Luận văn tốt nghiệp Cao học. Chuyên ngành Toán giải tích 
245 0 |c Phạm Nguyễn Nhật Khanh ; Nguyễn Thành Long (Cán bộ hướng dẫn) 
260 |a Cần Thơ 
260 |b Trường Đại học Cần Thơ 
260 |c 2018 
520 |a Nghiên cứu sử dụng phương pháp xấp xỉ Faedo - Galerkin cùng với các kỹ thuật đánh giá tiên nghiệm, kỹ thuật về tính compact yếu và hội tụ yếu để khảo sát phương trình sóng phi tuyến. 
650 |a Nonlinear wave equation,Phương trình sóng phi tuyến 
910 |b nthai 
980 |a Trung tâm Học liệu Trường Đại học Cần Thơ